| 000 | 00427nam a2200157 a 4500 | ||
|---|---|---|---|
| 020 | _a9690006797 (pbk) | ||
| 082 |
_a954.025 _bKHA _cL-30, P-208 |
||
| 100 | 1 |
_aHussain Khan _949139 |
|
| 245 | 1 | _aSher Shah Suri | |
| 260 |
_aLahore: _bFerozsons, _c1987 |
||
| 300 | _axxxvi, 404p. | ||
| 526 |
_a0 _b0 _c0 _d954_025000000000000_KHA |
||
| 650 | 0 |
_aMCE _9379 |
|
| 650 | 0 |
_aSher Shah, Sultan of Delhi, d. 1545 _949140 |
|
| 942 |
_2ddc _cBK |
||
| 999 |
_c551970 _d551970 |
||